NHK 放送局の名前 - Statistics

General Stats
  • This quiz has been taken 111 times
  • The average score is 49 of 54
Answer Stats
Answer % Correct
札幌放送局
97%
青森放送局
95%
大阪放送局
95%
京都放送局
95%
松山放送局
95%
函館放送局
94%
秋田放送局
94%
長野放送局
94%
新潟放送局
94%
津放送局
94%
広島放送局
94%
岡山放送局
94%
高知放送局
94%
徳島放送局
94%
福岡放送局
94%
長崎放送局
94%
宮崎放送局
94%
佐賀放送局
94%
沖縄放送局
94%
旭川放送局
93%
山形放送局
93%
盛岡放送局
93%
水戸放送局
93%
千葉放送局
93%
富山放送局
93%
神戸放送局
93%
鳥取放送局
93%
高松放送局
93%
熊本放送局
93%
釧路放送局
92%
前橋放送局
92%
宇都宮放送局
92%
名古屋放送局
92%
和歌山放送局
92%
松江放送局
92%
山口放送局
92%
鹿児島放送局
92%
静岡放送局
91%
福井放送局
91%
岐阜放送局
91%
奈良放送局
91%
大分放送局
91%
仙台放送局
90%
横浜放送局
90%
金沢放送局
90%
福島放送局
89%
甲府放送局
89%
大津放送局
89%
さいたま放送局
88%
帯広放送局
85%
北九州放送局
83%
北見放送局
77%
室蘭放送局
73%
放送センター (首都圏局)
44%
No matching quizzes found
Score Distribution
Percent of People with Each Score
Percentile by Number Answered
Your Score History
You have not taken this quiz